1103 1296 1124 1998 1057 1064 1741 1343 1102 1145 1293 1468 1097 1295 1054 1030 1721 1082 1623 1990 1381 1464 1429 1930 1127 1677 1610 1135 1003 1823 1263 1216 1180 1829 1379 1482 1874 1882 1754 1834 1887 1301 1657 1202 1867 1718 1879 1114 1233 1862 1762 1371 1290 1937 1064 1926 1281 1447 1663 1598 1675 1661 1249 1613 1717 1093 1818 1113 1719 1151 1822 1734 1303 1040 1831 1496 1954 1059 1932 1686 1145 1127 1244 1069 1292 1746 1297 1216 1661 1567 1895 1998 1219 1050 1728 1800 1516 1836 1168 BCNSPRNW ULIB Ver.6.0+V

เปลี่ยนเป็นภาษาไทย

Change to English
 แสดงรายละเอียดบรรณานุกรม
  กลับหน้าหลัก

Brief Record : Get Marc (ISO 2709) : E-mail record : QR code < ปิดหน้าต่าง
LEADER : 00000nas 2200000uu 4500
001    13399124476
003     ULIB
008    020711s|||| th a 000 0 tha d
022    01258885
110    มหาวิทยาลัยมหิดล
245    วารสารพยาบาลศาสตร์:^bJournal of Nursing Science./^cมหาวิทยาลัยมหิดล
260    กรุงเทพฯ :^bมหาวิทยาลัยมหิดล,^cม.ป.ป.
310    ^aรายสามเดือน
850 ^a ULIB^bปีที่ 33 ฉบับที่ 1 ฉ.1 ;ปีที่ 33 ฉบับที่ 4 ฉ.1 ;ปีที่ 34 ฉบับที่ 1 ฉ.1 ;ปีที่ 35 ฉบับที่ 2 ฉ.1
850 ^a ULIB:campus^bปีที่ 34 ฉบับที่ 2 ฉ.1
945    ^p0^l0^i903180
945    ^p0^l0^i903736
945    ^p0^l0^i903737
945    ^p0^l0^i801713
945    ^p0^l0^i904593
รายการนี้ยังไม่มีแท็ก
คุณยังไม่ได้ล็อกอิน คุณสามารถมีกิจกรรมร่วมกับเว็บไซต์ได้ แต่ต้องล็อกอินก่อน ::
  ล็อกอิน

รายการสื่อสารสนเทศ (วารสาร)

ดูแบบ: กล่อง รายการ
ARRIVED
ปีที่ 33 ฉบับที่ 1 ฉ.1
สถานที่: ห้องสมุดวิทยาเขตสวรรค์ประชารักษ์ >หนังสือพิมพ์
ARRIVED
ปีที่ 33 ฉบับที่ 4 ฉ.1
สถานที่: ห้องสมุดวิทยาเขตสวรรค์ประชารักษ์ >หนังสือพิมพ์
ARRIVED
ปีที่ 34 ฉบับที่ 1 ฉ.1
สถานที่: ห้องสมุดวิทยาเขตสวรรค์ประชารักษ์ >หนังสือพิมพ์
ARRIVED
ปีที่ 34 ฉบับที่ 2 ฉ.1
สถานที่: ห้องสมุดวิทยาเขตนครสวรรค์ >วารสาร
ARRIVED
ปีที่ 35 ฉบับที่ 2 ฉ.1
สถานที่: ห้องสมุดวิทยาเขตสวรรค์ประชารักษ์ >วารสาร

BibComment


ยังไม่เคยถูกคอมเมนท์

คอมเมนท์ทรัพยากรรายการนี้
  คอมเมนท์: วารสารพยาบาลศาสตร..


 Copyright 2026. Bcnsprnw @Library